<?xml version="1.0" encoding="UTF-8"?>
<record
    xmlns:xsi="http://www.w3.org/2001/XMLSchema-instance"
    xsi:schemaLocation="http://www.loc.gov/MARC21/slim http://www.loc.gov/standards/marcxml/schema/MARC21slim.xsd"
    xmlns="http://www.loc.gov/MARC21/slim">

  <leader>00486nam a2200169Ia 4500</leader>
  <controlfield tag="008">230718s9999    xx            000 0 und d</controlfield>
  <datafield tag="020" ind1=" " ind2=" ">
    <subfield code="a">978-0890062500 </subfield>
  </datafield>
  <datafield tag="041" ind1=" " ind2=" ">
    <subfield code="a">eng</subfield>
  </datafield>
  <datafield tag="082" ind1=" " ind2=" ">
    <subfield code="a">621.380423</subfield>
    <subfield code="b">JAN</subfield>
  </datafield>
  <datafield tag="100" ind1=" " ind2=" ">
    <subfield code="a">Jansky D.M.</subfield>
    <subfield code="9">129479</subfield>
  </datafield>
  <datafield tag="245" ind1=" " ind2=" ">
    <subfield code="a">Communication Satellites In The Geostationary Orbit</subfield>
  </datafield>
  <datafield tag="260" ind1=" " ind2=" ">
    <subfield code="b">Artech</subfield>
  </datafield>
  <datafield tag="300" ind1=" " ind2=" ">
    <subfield code="d">Ref 1066 E ME (29930)</subfield>
  </datafield>
  <datafield tag="365" ind1=" " ind2=" ">
    <subfield code="c">Rs.</subfield>
    <subfield code="b">9828.00</subfield>
  </datafield>
  <datafield tag="700" ind1=" " ind2=" ">
    <subfield code="a">Jansky D.M. &amp; Jeruchim M.C.</subfield>
    <subfield code="9">189948</subfield>
  </datafield>
  <datafield tag="906" ind1=" " ind2=" ">
    <subfield code="d">B:441505-May-2008</subfield>
    <subfield code="c">ME ETC</subfield>
    <subfield code="b">20</subfield>
  </datafield>
  <datafield tag="999" ind1=" " ind2=" ">
    <subfield code="c">318723</subfield>
    <subfield code="d">318723</subfield>
  </datafield>
  <datafield tag="952" ind1=" " ind2=" ">
    <subfield code="0">0</subfield>
    <subfield code="1">0</subfield>
    <subfield code="2">ddc</subfield>
    <subfield code="3">Ref 1066 E M. Tech. (29930)</subfield>
    <subfield code="4">0</subfield>
    <subfield code="7">3</subfield>
    <subfield code="a">CCEP</subfield>
    <subfield code="b">CCEP</subfield>
    <subfield code="d">2008-05-26</subfield>
    <subfield code="e">Tbs</subfield>
    <subfield code="f">ME ETC</subfield>
    <subfield code="g">9808.00</subfield>
    <subfield code="i">4415</subfield>
    <subfield code="o">621.380423</subfield>
    <subfield code="p">CCEP-BK-29930</subfield>
    <subfield code="r">2023-07-18 00:00:00</subfield>
    <subfield code="t">20</subfield>
    <subfield code="v">9828.00</subfield>
    <subfield code="w">2008-05-05</subfield>
    <subfield code="y">BK</subfield>
    <subfield code="z">029930</subfield>
  </datafield>
</record>
